[Event "Stuttgarter Stadtmeisterschaft A-Turnie"]
[Site "Ditzingen"]
[Date "2009.05.21"]
[Round "3.37"]
[White "White, Herbert"]
[Black "Pflaum, Stefan"]
[Result "1/2-1/2"]
[WhiteElo "1923"]
[BlackElo "2096"]
[PlyCount "43"]
[EventDate "2009.??.??"]

1. d4 f5 2. c4 Nf6 3. Nc3 d6 4. g3 g6 5. Bg2 Bg7 6. Nh3 O-O 7. O-O e5 8. dxe5
dxe5 9. Qb3 c6 10. Ng5 Qe7 11. Rd1 Na6 12. Na4 h6 13. Nf3 Nh5 14. Bd2 Rb8 15.
Rac1 Kh7 16. Qe3 b6 17. a3 f4 18. Qe4 c5 19. Nc3 Bf5 20. Qc6 Bd7 21. Qe4 Bf5
22. Qc6 1/2-1/2

[Event "Stuttgarter Stadtmeisterschaft A-Turnie"]
[Site "Ditzingen"]
[Date "2009.05.21"]
[Round "3.38"]
[White "Scherer, Holger"]
[Black "Cummings, Nicolai"]
[Result "1-0"]
[WhiteElo "2095"]
[BlackElo "1819"]
[PlyCount "55"]
[EventDate "2009.??.??"]

1. e4 c6 2. d4 d5 3. Nc3 dxe4 4. Nxe4 Nf6 5. Nxf6+ gxf6 6. Bc4 Bf5 7. Ne2 e6 8.
O-O Bd6 9. Ng3 Bg6 10. f4 f5 11. c3 h5 12. Qb3 Qe7 13. Re1 O-O 14. Bd2 b5 15.
Bxe6 fxe6 16. Qxe6+ Qxe6 17. Rxe6 Bxf4 18. Bxf4 Kg7 19. Rae1 h4 20. Be5+ Kh6
21. Re7 Kg5 22. Ne2 Na6 23. Nf4 Bf7 24. Ne6+ Bxe6 25. Rxe6 Rac8 26. a3 Rfe8 27.
Rxe8 Rxe8 28. Bf6+ 1-0

[Event "Stuttgarter Stadtmeisterschaft A-Turnie"]
[Site "Ditzingen"]
[Date "2009.05.21"]
[Round "3.39"]
[White "Reder, Erik"]
[Black "Huhn, Stefan"]
[Result "1/2-1/2"]
[WhiteElo "1901"]
[BlackElo "2090"]
[PlyCount "57"]
[EventDate "2009.??.??"]

1. c4 e6 2. g3 d5 3. cxd5 exd5 4. Bg2 Nf6 5. Nf3 Bd6 6. O-O O-O 7. d3 c6 8.
Nbd2 Re8 9. b3 Nbd7 10. Bb2 Ne5 11. Nxe5 Bxe5 12. Bxe5 Rxe5 13. e4 dxe4 14.
dxe4 Be6 15. Qc2 Qb6 16. h3 Rc5 17. Qb2 a5 18. Qd4 Rd8 19. Qe3 Qb4 20. Rad1 Rc3
21. Nb1 Rxd1 22. Nxc3 Rxf1+ 23. Kxf1 Nd7 24. f4 Qc5 25. Ke2 Qxe3+ 26. Kxe3 f6
27. Kd4 Kf8 28. Na4 b6 29. Nc3 1/2-1/2

[Event "Stuttgarter Stadtmeisterschaft A-Turnie"]
[Site "Ditzingen"]
[Date "2009.05.21"]
[Round "3.40"]
[White "Kerpe, Andreas"]
[Black "Stegmaier, Michael"]
[Result "1-0"]
[WhiteElo "2084"]
[BlackElo "1802"]
[PlyCount "61"]
[EventDate "2009.??.??"]

1. e4 c5 2. Nc3 d6 3. g3 Nc6 4. Bg2 g6 5. d3 Bg7 6. Be3 Nf6 7. h3 Bd7 8. Qd2
Nd4 9. Nd1 Rb8 10. c3 Nc6 11. Bh6 O-O 12. Bxg7 Kxg7 13. Ne2 b5 14. O-O Qc8 15.
Kh2 Rh8 16. Ne3 h5 17. f4 a5 18. d4 c4 19. d5 Nd8 20. Nd4 e5 21. dxe6 fxe6 22.
f5 exf5 23. exf5 Rh6 24. fxg6 Rxg6 25. Nef5+ Kh7 26. Ne7 Qc5 27. Nxg6 Kxg6 28.
Rxf6+ Kxf6 29. Qh6+ Ke7 30. Re1+ Kf7 31. Rf1+ 1-0

[Event "Stuttgarter Stadtmeisterschaft A-Turnie"]
[Site "Ditzingen"]
[Date "2009.05.21"]
[Round "3.41"]
[White "Schembera, Jörg"]
[Black "Jüttner, Andreas"]
[Result "0-1"]
[WhiteElo "1828"]
[BlackElo "2083"]
[PlyCount "66"]
[EventDate "2009.??.??"]

1. d4 d5 2. c4 c6 3. cxd5 cxd5 4. Nc3 Nf6 5. Nf3 Nc6 6. Bf4 Ne4 7. Nxe4 dxe4 8.
Ne5 e6 9. Nxc6 bxc6 10. Qa4 Qb6 11. O-O-O Bd7 12. Qc4 Rc8 13. g4 Be7 14. Bg2 c5
15. d5 exd5 16. Qxd5 Be6 17. Qxe4 O-O 18. Qb7 Qb4 19. Qxb4 cxb4+ 20. Kb1 Bxg4
21. Rd2 a5 22. e3 Bf6 23. Rc1 Bf5+ 24. e4 Be6 25. b3 Bc3 26. Rd3 a4 27. Rcd1
axb3 28. axb3 Bxb3 29. Bd6 Bxd1 30. Bxf8 Kxf8 31. Rxd1 Ra8 32. Kc2 Ra2+ 33. Kc1
b3 0-1

[Event "Stuttgarter Stadtmeisterschaft A-Turnie"]
[Site "Ditzingen"]
[Date "2009.05.21"]
[Round "3.42"]
[White "Osmanovic, Faruk"]
[Black "Günthner, Arthur"]
[Result "1/2-1/2"]
[WhiteElo "2081"]
[BlackElo "1771"]
[PlyCount "67"]
[EventDate "2009.??.??"]

1. e4 d6 2. d4 Nf6 3. Nc3 Nbd7 4. f4 e5 5. Nf3 exd4 6. Nxd4 Nc5 7. Bd3 Bg4 8.
Nf3 Qd7 9. h3 Bxf3 10. Qxf3 O-O-O 11. Bd2 Nxd3+ 12. cxd3 Qc6 13. O-O Qc5+ 14.
Be3 Qh5 15. g4 Qa5 16. a3 d5 17. b4 dxe4 18. dxe4 Qa6 19. Rac1 Kb8 20. e5 Nd7
21. Rfd1 f6 22. f5 Bxb4 23. Rxd7 Rxd7 24. axb4 fxe5 25. Ne4 b6 26. f6 gxf6 27.
Qxf6 Rhd8 28. Qf1 Qa4 29. Re1 Qxb4 30. Bg5 Rf8 31. Qe2 Qd4+ 32. Qe3 Qxe3+ 33.
Bxe3 a5 34. g5 1/2-1/2

[Event "Stuttgarter Stadtmeisterschaft A-Turnie"]
[Site "Ditzingen"]
[Date "2009.05.21"]
[Round "3.43"]
[White "Rempeli, Alex"]
[Black "Turski, Tomasz"]
[Result "1-0"]
[WhiteElo "1764"]
[BlackElo "2077"]
[PlyCount "53"]
[EventDate "2009.??.??"]

1. d4 Nf6 2. c4 g6 3. Nc3 Bg7 4. e4 d6 5. Nf3 O-O 6. Be2 c6 7. O-O Qc7 8. h3
Nbd7 9. Be3 e5 10. b4 Re8 11. Bd3 d5 12. cxd5 cxd5 13. Rc1 exd4 14. Nxd5 Qd8
15. Bg5 Rf8 16. Nc7 Rb8 17. e5 Nxe5 18. Nxe5 Qd6 19. Re1 a6 20. Qb3 Nh5 21.
Nxf7 Rxf7 22. Re8+ Bf8 23. Be7 Qf4 24. Rxf8+ Kg7 25. Rxf7+ Qxf7 26. Bd6 Qf6 27.
Ne8+ 1-0

[Event "Stuttgarter Stadtmeisterschaft A-Turnie"]
[Site "Ditzingen"]
[Date "2009.05.21"]
[Round "3.45"]
[White "Holzhäuer, Mathias"]
[Black "Tiemann, Tobias"]
[Result "1-0"]
[WhiteElo "2335"]
[BlackElo "1960"]
[PlyCount "29"]
[EventDate "2009.??.??"]

1. e4 c5 2. a3 e6 3. b4 cxb4 4. axb4 Bxb4 5. Bb2 Nf6 6. e5 Nd5 7. c4 Nc7 8. Ra3
Bxa3 9. Bxa3 Nc6 10. Qg4 Rg8 11. Nf3 Ne7 12. Nc3 Kf8 13. Ng5 h6 14. Nh7+ Ke8
15. Ne4 1-0

[Event "Stuttgarter Stadtmeisterschaft A-Turnie"]
[Site "Ditzingen"]
[Date "2009.05.21"]
[Round "3.46"]
[White "Kaplunov, Vadym"]
[Black "Fink, Leander"]
[Result "1/2-1/2"]
[WhiteElo "1953"]
[BlackElo "2116"]
[PlyCount "30"]
[EventDate "2009.??.??"]

1. c4 Nf6 2. Nc3 g6 3. g3 Bg7 4. Bg2 O-O 5. d4 d6 6. e4 e5 7. Nge2 Nc6 8. d5
Ne7 9. O-O Nd7 10. Be3 a5 11. Qd2 f5 12. f3 Nc5 13. Bxc5 dxc5 14. Rad1 Ra6 15.
Nb5 Rff6 1/2-1/2

[Event "Stuttgarter Stadtmeisterschaft A-Turnie"]
[Site "Ditzingen"]
[Date "2009.05.21"]
[Round "3.47"]
[White "Gogollok, Carsten"]
[Black "Löwe, Joachim"]
[Result "0-1"]
[WhiteElo "2043"]
[BlackElo "1930"]
[PlyCount "186"]
[EventDate "2009.??.??"]

1. d4 d5 2. c4 e6 3. Nc3 Nf6 4. Bg5 c6 5. e3 Nbd7 6. Nf3 Qa5 7. Qb3 Ne4 8. Bf4
Bb4 9. Rc1 Nb6 10. Bc7 Qa4 11. Bd3 Qxb3 12. axb3 Nxc3 13. bxc3 dxc4 14. bxc4
Be7 15. Ra1 Nd7 16. O-O O-O 17. Rfb1 Bd8 18. Bf4 Re8 19. Nd2 e5 20. Bg3 Bc7 21.
Bf5 Rd8 22. Nf3 Bb8 23. Bxd7 Rxd7 24. Bxe5 Bxe5 25. Nxe5 Rc7 26. c5 Be6 27. Rb4
f6 28. Nc4 Bxc4 29. Rxc4 Kf7 30. Rb1 Ke6 31. Rcb4 Rb8 32. Ra4 Ra8 33. Rba1 a6
34. Rb1 Rd8 35. f3 Rcd7 36. Rab4 Rb8 37. Rb6 Kd5 38. R1b4 a5 39. e4+ Ke6 40.
Rxc6+ bxc6 41. Rxb8 Ra7 42. Rb3 f5 43. Kf2 f4 44. g3 g5 45. Ra3 a4 46. g4 Rb7
47. Rxa4 Rb2+ 48. Ke1 Rb1+ 49. Ke2 Rb2+ 50. Kd3 Rxh2 51. Ra6 Rf2 52. Rxc6+ Kf7
53. Rc7+ Kg6 54. c6 Rxf3+ 55. Kc4 Re3 56. Rxh7 Rxe4 57. c7 Re8 58. Rh3 Rc8 59.
Kd5 Rxc7 60. c4 Rd7+ 61. Ke4 Re7+ 62. Kd3 Ra7 63. Ke4 Re7+ 64. Kd3 Ra7 65. Rh8
Kg7 66. Re8 Ra3+ 67. Kd2 Ra4 68. Rc8 Ra2+ 69. Kd3 Ra3+ 70. Ke2 Ra2+ 71. Kf3
Ra3+ 72. Kf2 Ra2+ 73. Kf3 Ra3+ 74. Ke4 Re3+ 75. Kf5 f3 76. Rc7+ Kf8 77. Kf6 Ke8
78. Rf7 Re4 79. Kg6 Rf4 80. Ra7 f2 81. Ra8+ Kd7 82. Ra7+ Kc8 83. Ra1 f1=Q 84.
Rxf1 Rxf1 85. Kxg5 Kd7 86. Kh6 Rf4 87. g5 Rxd4 88. g6 Ke7 89. c5 Kf8 90. c6 Kg8
91. Kg5 Kg7 92. Kf5 Rc4 93. Ke6 Rxc6+ 0-1

[Event "Stuttgarter Stadtmeisterschaft A-Turnie"]
[Site "Ditzingen"]
[Date "2009.05.21"]
[Round "3.48"]
[White "Stitterich, Nadine"]
[Black "Gheng, Simona"]
[Result "1/2-1/2"]
[WhiteElo "1918"]
[BlackElo "2035"]
[PlyCount "77"]
[EventDate "2009.??.??"]

1. e4 c5 2. Nf3 d6 3. d4 cxd4 4. Nxd4 Nf6 5. Nc3 g6 6. Be3 Bg7 7. f3 Nc6 8. Qd2
O-O 9. O-O-O d5 10. exd5 Nxd5 11. Nxc6 bxc6 12. Bd4 e5 13. Bc5 Be6 14. Ne4 Re8
15. h4 Nf4 16. g3 Nh5 17. Qxd8 Rexd8 18. Ba6 Bh6+ 19. Kb1 f5 20. Nd6 Bd5 21. g4
fxg4 22. fxg4 Bxh1 23. gxh5 Bf3 24. Rf1 Bf8 25. Rxf3 Bxd6 26. Bxd6 Rxd6 27. b3
Rf8 28. Bc4+ Rd5 29. Rg3 Kf7 30. Kb2 Kf6 31. Bxd5 cxd5 32. Rf3+ Ke7 33. Rxf8
Kxf8 34. Kc3 Ke7 35. Kd3 Kd6 36. b4 a5 37. a3 axb4 38. axb4 gxh5 39. c4 1/2-1/2

[Event "Stuttgarter Stadtmeisterschaft A-Turnie"]
[Site "Ditzingen"]
[Date "2009.05.21"]
[Round "3.49"]
[White "Bergner, Philipp"]
[Black "Janata, Andreas"]
[Result "0-1"]
[WhiteElo "1833"]
[BlackElo "2010"]
[PlyCount "86"]
[EventDate "2009.??.??"]

1. d4 Nf6 2. c4 c5 3. Nf3 cxd4 4. Nxd4 d5 5. cxd5 Nxd5 6. e3 e5 7. Nf3 Nc6 8.
Bc4 Bb4+ 9. Bd2 Nb6 10. Bb5 Bxd2+ 11. Qxd2 Qxd2+ 12. Nbxd2 f6 13. Ne4 Ke7 14.
Rc1 Bd7 15. Nc5 a6 16. Nxd7 Kxd7 17. Bxc6+ bxc6 18. Ke2 Kc7 19. Rc2 Rhd8 20.
Rhc1 Rd6 21. Nd2 a5 22. Ne4 Re6 23. Rd1 a4 24. a3 Ra5 25. Nc5 Re7 26. Rdc1 e4
27. f3 f5 28. fxe4 fxe4 29. Rf1 Nd5 30. Rc4 Rb5 31. Nxa4 Nb6 32. Nxb6 Rxb2+ 33.
Kd1 Kxb6 34. Rb4+ Rxb4 35. axb4 Kb5 36. Rf8 Kxb4 37. Rc8 c5 38. Ke2 Rd7 39. Re8
c4 40. Rxe4 Kb3 41. Rd4 Rxd4 42. exd4 c3 43. Kd1 Kb2 0-1

[Event "Stuttgarter Stadtmeisterschaft A-Turnie"]
[Site "Ditzingen"]
[Date "2009.05.21"]
[Round "3.50"]
[White "Schmitz, Stefan"]
[Black "Weißbeck, Simon"]
[Result "0-1"]
[WhiteElo "1891"]
[BlackElo "1959"]
[PlyCount "80"]
[EventDate "2009.??.??"]

1. e4 e6 2. d4 d5 3. Nc3 Nf6 4. e5 Nfd7 5. f4 c5 6. Nf3 Nc6 7. Be3 Qb6 8. Na4
Qa5+ 9. c3 cxd4 10. Nxd4 Nxd4 11. Bxd4 b5 12. b4 Qxa4 13. Qxa4 bxa4 14. Bb5 Bb7
15. Bxa4 Be7 16. O-O g6 17. g4 Kd8 18. f5 gxf5 19. gxf5 Rg8+ 20. Kh1 Nxe5 21.
fxe6 f6 22. Rg1 Kc7 23. h3 Nf3 24. Rxg8 Rxg8 25. Be3 Bd6 26. Bd4 Bc8 27. Rf1
Nxd4 28. cxd4 Bxe6 29. Rxf6 Bxh3 30. Rf7+ Kb6 31. Bb3 Bg2+ 32. Kg1 Be4+ 33. Kf2
Rf8 34. Rxf8 Bxf8 35. a3 h5 36. Kg3 Be7 37. Bd1 h4+ 38. Kg4 Bg2 39. Bf3 Bxf3+
40. Kxf3 Kb5 0-1

[Event "Stuttgarter Stadtmeisterschaft A-Turnie"]
[Site "Ditzingen"]
[Date "2009.05.21"]
[Round "3.51"]
[White "Hirschfeld, Dennis"]
[Black "Schlachetzki, Horst"]
[Result "0-1"]
[WhiteElo "1984"]
[BlackElo "1927"]
[PlyCount "80"]
[EventDate "2009.??.??"]

1. d4 Nf6 2. c4 e6 3. Nf3 b6 4. Bg5 Bb7 5. Nc3 Be7 6. e3 O-O 7. Be2 d5 8. O-O
Nbd7 9. cxd5 exd5 10. Rc1 c5 11. Bb5 c4 12. Qa4 a6 13. Bxd7 Nxd7 14. Bxe7 Qxe7
15. a3 b5 16. Qc2 f5 17. Rfe1 Bc6 18. Nd2 a5 19. Ra1 b4 20. axb4 axb4 21. Ne2
b3 22. Qb1 Rxa1 23. Qxa1 Ra8 24. Qb1 g6 25. Nc3 Kg7 26. e4 fxe4 27. f3 Qf6 28.
fxe4 Qxd4+ 29. Kh1 Qxd2 30. exd5 Bxd5 31. Re2 Qg5 32. Qd1 Nf6 33. Re7+ Kh6 34.
Nxd5 Qxd5 35. Qe1 Rd8 36. Qe3+ Qg5 37. Qh3+ Nh5 38. Re1 Rd3 39. g3 Qd5+ 40. Kg1
Qd4+ 0-1

[Event "Stuttgarter Stadtmeisterschaft A-Turnie"]
[Site "Ditzingen"]
[Date "2009.05.21"]
[Round "3.52"]
[White "Schnepel, Thomas"]
[Black "Leroy, Patrick"]
[Result "0-1"]
[WhiteElo "1982"]
[BlackElo "1900"]
[PlyCount "102"]
[EventDate "2009.??.??"]

1. e4 g6 2. d4 Bg7 3. Nc3 d6 4. Be3 Nf6 5. f3 O-O 6. Qd2 Nbd7 7. O-O-O a6 8. g4
e5 9. h4 b5 10. h5 Bb7 11. hxg6 fxg6 12. Bh6 exd4 13. Qxd4 Bxh6+ 14. Rxh6 Ne5
15. Bh3 Kg7 16. g5 Ng8 17. Qe3 Nxh6 18. gxh6+ Kh8 19. f4 Nc4 20. Qg3 Qf6 21.
Nge2 Bxe4 22. b3 b4 23. bxc4 bxc3 24. Rd4 Bf5 25. Bg2 Rab8 26. Qxc3 Rfe8 27.
Kd2 Re7 28. Bc6 Kg8 29. c5 Rbe8 30. Ng3 Kf8 31. Qc4 Qe6 32. Qxe6 Bxe6 33. a4 a5
34. Ne4 Bf5 35. cxd6 cxd6 36. c4 Bxe4 37. Bxe4 Rc7 38. Kd3 Ke7 39. Rd5 Rc5 40.
Kd4 Rec8 41. Rxc5 Rxc5 42. Bd5 Kf6 43. Bg8 Rh5 44. Bxh7 Rxh6 45. Bg8 Rh4 46.
Kd5 Ke7 47. Kc6 Rxf4 48. Kb5 Rf5+ 49. Bd5 Rxd5+ 50. cxd5 g5 51. Kxa5 g4 0-1

[Event "Stuttgarter Stadtmeisterschaft A-Turnie"]
[Site "Ditzingen"]
[Date "2009.05.21"]
[Round "3.53"]
[White "Frühsorger, Dieter"]
[Black "Nusser, Jens"]
[Result "1/2-1/2"]
[WhiteElo "1968"]
[BlackElo "1875"]
[PlyCount "66"]
[EventDate "2009.??.??"]

1. e4 c5 2. d4 cxd4 3. c3 dxc3 4. Nxc3 d6 5. Nf3 Nc6 6. Bc4 a6 7. O-O Nf6 8.
Qe2 Bg4 9. Rd1 e6 10. Bf4 e5 11. Be3 Be7 12. a4 O-O 13. h3 Bxf3 14. Qxf3 Rc8
15. Bd5 Qd7 16. a5 Bd8 17. Bxc6 Rxc6 18. Nd5 Nxd5 19. Rxd5 f5 20. Rad1 Qe6 21.
exf5 Rxf5 22. Qe4 Bg5 23. g4 Rf4 24. Bxf4 Bxf4 25. Qb4 e4 26. Qxb7 Rc2 27. Qb8+
Rc8 28. Rxd6 Bxd6 29. Rxd6 Qxg4+ 30. hxg4 Rxb8 31. Rxa6 Rxb2 32. Rb6 Ra2 33. a6
h6 1/2-1/2

[Event "Stuttgarter Stadtmeisterschaft A-Turnie"]
[Site "Ditzingen"]
[Date "2009.05.21"]
[Round "3.54"]
[White "Steinbach, Peter"]
[Black "Adler, Alexander"]
[Result "1-0"]
[WhiteElo "2060"]
[BlackElo "1765"]
[PlyCount "75"]
[EventDate "2009.??.??"]

1. d4 d6 2. Nf3 Nf6 3. c4 g6 4. Nc3 Bg7 5. e4 O-O 6. Be2 Nbd7 7. O-O c6 8. Re1
e5 9. h3 Qc7 10. Be3 a5 11. Qd2 Rd8 12. Rac1 Nf8 13. d5 Ne8 14. Na4 c5 15. Qc2
f5 16. Bg5 Bf6 17. exf5 gxf5 18. Qd2 Qg7 19. Nb6 Ra7 20. Rc3 f4 21. Bxf6 Nxf6
22. Nxc8 Rxc8 23. Bd3 a4 24. Bf5 Rb8 25. Rd3 b5 26. b3 bxc4 27. bxc4 Qb7 28.
Be6+ Kg7 29. Nh4 Nxe6 30. dxe6 Qb2 31. Nf5+ Kf8 32. Qd1 Qxa2 33. Rxd6 Raa8 34.
e7+ Kf7 35. Rxf6+ Kxf6 36. Qd6+ Kg5 37. Rxe5 Rb1+ 38. Kh2 1-0

[Event "Stuttgarter Stadtmeisterschaft A-Turnie"]
[Site "Ditzingen"]
[Date "2009.05.21"]
[Round "3.55"]
[White "Hoffmann, Ekkehard"]
[Black "Bissbort, Julian"]
[Result "0-1"]
[WhiteElo "1947"]
[BlackElo "2053"]
[PlyCount "64"]
[EventDate "2009.??.??"]

1. e4 c5 2. Nc3 g6 3. f4 Bg7 4. Nf3 e6 5. Bc4 Ne7 6. e5 d5 7. Bb5+ Nbc6 8. d4
cxd4 9. Nxd4 O-O 10. O-O Nxd4 11. Qxd4 Nf5 12. Qf2 f6 13. exf6 Bxf6 14. Ne2 Bg7
15. c3 e5 16. fxe5 Nd6 17. Qc5 Rxf1+ 18. Kxf1 Ne4 19. Qd4 Kh8 20. Nf4 Qh4 21.
Be3 Qxh2 22. Qxd5 Bf5 23. Rd1 Ng3+ 24. Ke1 Qh4 25. Rd4 Ne4+ 26. Ke2 Qg4+ 27.
Ke1 Qh4+ 28. Kd1 Qh1+ 29. Ke2 Bg4+ 30. Kd3 Qb1+ 31. Kc4 Qxa2+ 32. b3 Rc8+ 0-1

[Event "Stuttgarter Stadtmeisterschaft A-Turnie"]
[Site "Ditzingen"]
[Date "2009.05.21"]
[Round "3.56"]
[White "Podbicanin, Abaz"]
[Black "Zeh, Rolf"]
[Result "0-1"]
[WhiteElo "1941"]
[BlackElo "2048"]
[PlyCount "98"]
[EventDate "2009.??.??"]

1. e4 c5 2. Nf3 e6 3. d4 cxd4 4. Nxd4 a6 5. Bd3 Bc5 6. Nb3 Ba7 7. Qg4 Qf6 8.
O-O h5 9. Qe2 Nc6 10. Kh1 Ne5 11. Nc3 Qh4 12. Nd1 Ng4 13. h3 N8f6 14. Nd2 Nxf2+
15. Nxf2 Ng4 16. Nd1 Qg3 17. Nf3 Bb8 18. Qe1 Qc7 19. Qe2 Nh2 20. e5 Nxf1 21.
Qxf1 d6 22. Bf4 d5 23. Nd4 Qe7 24. c3 g5 25. Bh2 g4 26. Qf6 Qxf6 27. exf6 Bxh2
28. Kxh2 Rh6 29. hxg4 hxg4+ 30. Kg3 Rxf6 31. Nf2 e5 32. Re1 e4 33. Be2 Rg6 34.
c4 dxc4 35. Bxc4 f5 36. Kf4 g3 37. Nh3 Kf8 38. Ng5 b5 39. Be6 Bxe6 40. Ndxe6+
Ke7 41. Kxf5 Rf6+ 42. Kxe4 Rf2 43. Nf4 Kf6 44. Ke3 Re8+ 45. Ne4+ Kf5 46. Kd3
Kxf4 47. Nxf2 Rxe1 48. Nh3+ Kg4 49. a3 Rh1 0-1

[Event "Stuttgarter Stadtmeisterschaft A-Turnie"]
[Site "Ditzingen"]
[Date "2009.05.21"]
[Round "3.57"]
[White "Zieher, Andre"]
[Black "Schäfer, Alexander"]
[Result "0-1"]
[WhiteElo "1929"]
[BlackElo "2007"]
[PlyCount "116"]
[EventDate "2009.??.??"]

1. f4 g6 2. Nf3 Bg7 3. e3 d6 4. d4 Nf6 5. Bd3 O-O 6. O-O Nc6 7. c3 e5 8. e4
exd4 9. Nxd4 Re8 10. Nxc6 bxc6 11. Qc2 Bb7 12. Nd2 c5 13. c4 Qe7 14. Re1 Bh6
15. g3 g5 16. fxg5 Bxg5 17. b3 Bxd2 18. Bxd2 Nxe4 19. Re2 f5 20. Bc3 Qg5 21.
Bxe4 Bxe4 22. Qd2 Qxd2 23. Bxd2 Bd3 24. Rxe8+ Rxe8 25. Re1 Rxe1+ 26. Bxe1 Kf7
27. a3 Ke6 28. Kf2 Bc2 29. b4 Bb3 30. bxc5 dxc5 31. Ke3 Bxc4 32. Kf4 Bd3 33.
Ke3 Bf1 34. Kd2 Bh3 35. Bf2 Kd5 36. Kc3 a6 37. Be3 h5 38. Bf4 c6 39. Be3 h4 40.
Bg1 Bf1 41. Bf2 h3 42. Be3 c4 43. Bf4 Ke4 44. Bc7 Kf3 45. Bf4 Bd3 46. Kd2 Kg2
47. Ke1 c3 48. Be5 c2 49. Bf4 c5 50. Bg5 c4 51. Bh6 c3 52. Bg5 Kf3 53. Bf4 Ke4
54. Kf2 Bc4 55. Bc1 Kd3 56. Ke1 Bd5 57. Kf2 Be4 58. Ke1 Kc4 0-1

[Event "Stuttgarter Stadtmeisterschaft A-Turnie"]
[Site "Ditzingen"]
[Date "2009.05.21"]
[Round "3.58"]
[White "Stein, Carsten"]
[Black "Schäfer, Michael"]
[Result "1-0"]
[WhiteElo "1972"]
[BlackElo "1920"]
[PlyCount "73"]
[EventDate "2009.??.??"]

1. e4 d6 2. d4 g6 3. Nc3 Bg7 4. Bc4 Nf6 5. Qe2 O-O 6. e5 dxe5 7. dxe5 Ne8 8.
Bg5 c6 9. Rd1 Qc7 10. f4 b5 11. Bb3 a5 12. a4 b4 13. Ne4 Na6 14. Nf3 h6 15. Bh4
Kh7 16. O-O f5 17. Nf2 Nc5 18. Qc4 Nxb3 19. Qxb3 Ra7 20. Rd2 c5 21. Rfd1 Qb6
22. Qe3 Be6 23. Nd3 Rc7 24. Bf2 Bg8 25. Nxc5 Qc6 26. b3 Kh8 27. Rd8 Rc8 28.
Rxc8 Qxc8 29. Nh4 Kh7 30. Qg3 g5 31. fxg5 hxg5 32. Qxg5 Bf7 33. e6 Bg8 34. Qg6+
Kh8 35. Qh5+ Bh7 36. Ng6+ Kg8 37. Nxe7+ 1-0

[Event "Stuttgarter Stadtmeisterschaft A-Turnie"]
[Site "Ditzingen"]
[Date "2009.05.21"]
[Round "3.59"]
[White "Boyens, Birger"]
[Black "Ackermann, Hermann"]
[Result "1-0"]
[WhiteElo "1908"]
[BlackElo "1971"]
[PlyCount "58"]
[EventDate "2009.??.??"]

1. e4 g6 2. d4 d6 3. c4 Bg7 4. Nc3 c6 5. Be3 Nf6 6. f3 Nbd7 7. Qd2 Qa5 8. Bd3
a6 9. Nge2 b5 10. O-O O-O 11. a3 bxc4 12. Bxc4 c5 13. Nd5 Qd8 14. Rfd1 cxd4 15.
Bxd4 Bb7 16. Nec3 Ne8 17. Rac1 Bxd4+ 18. Qxd4 e6 19. Ne3 Qb6 20. Qd2 Ne5 21.
Ba2 Rd8 22. Kh1 Ba8 23. b4 Qa7 24. Ne2 d5 25. exd5 exd5 26. Qc3 Qe7 27. Bxd5
Nf6 28. Bxa8 Rxa8 29. Nf4 Rad8 {ZUe Schwarz} 1-0

[Event "Stuttgarter Stadtmeisterschaft A-Turnie"]
[Site "Ditzingen"]
[Date "2009.05.21"]
[Round "3.60"]
[White "Feller, Florian"]
[Black "Grünert, Thomas"]
[Result "1-0"]
[WhiteElo "1836"]
[BlackElo "1970"]
[PlyCount "31"]
[EventDate "2009.??.??"]

1. e4 c5 2. Nf3 e6 3. c3 d5 4. exd5 Qxd5 5. d4 Bd7 6. Be2 c4 7. O-O Nf6 8. Ne5
b5 9. Bf3 Ne4 10. Nd2 f5 11. Re1 Nc6 12. Nxe4 fxe4 13. Bxe4 Qd6 14. Qh5+ g6 15.
Bxg6+ hxg6 16. Qxg6+ 1-0

[Event "Stuttgarter Stadtmeisterschaft A-Turnie"]
[Site "Ditzingen"]
[Date "2009.05.21"]
[Round "3.61"]
[White "von Schwerin, Clemens"]
[Black "Fingerhut, Armin"]
[Result "0-1"]
[WhiteElo "1886"]
[BlackElo "1961"]
[PlyCount "166"]
[EventDate "2009.??.??"]

1. e4 c5 2. Nc3 a6 3. a4 Nc6 4. g3 g6 5. Bg2 Bg7 6. d3 e6 7. Be3 d6 8. Qd2 Qa5
9. Nge2 Nd4 10. O-O Ne7 11. f4 Nec6 12. Rf2 O-O 13. e5 dxe5 14. fxe5 Bxe5 15.
Bh6 Bg7 16. Bxg7 Kxg7 17. Raf1 Bd7 18. Qg5 f5 19. Nxd4 cxd4 20. Ne2 e5 21. g4
h6 22. Qc1 fxg4 23. Rxf8 Rxf8 24. Rxf8 Kxf8 25. Qxh6+ Ke7 26. Qh4+ Kd6 27. c3
Qxa4 28. cxd4 Nxd4 29. Qf6+ Ne6 30. Ng3 Qd1+ 31. Bf1 Qf3 32. Ne4+ Kc7 33. Qxe5+
Kd8 34. Nd6 Ke7 35. Nc4 Bc6 36. Qd6+ Kf6 37. Qe5+ Kf7 38. Nd6+ Ke7 39. Ne4 Qe3+
40. Kh1 Qf4 41. Qxf4 Nxf4 42. Kg1 Bxe4 43. dxe4 Kf6 44. Kf2 Nh5 45. Bc4 Ke5 46.
Bd5 b6 47. Ke3 Nf6 48. Bc6 a5 49. b3 Nh5 50. Bd7 Nf6 51. Bc6 Nh5 52. Bd7 g3 53.
hxg3 Nxg3 54. Bc6 g5 55. Kf3 Nf1 56. Ke2 Nh2 57. Kf2 Ng4+ 58. Kf3 Nf6 59. Ke3
g4 60. Bb7 g3 61. Kf3 g2 62. Kxg2 Nxe4 63. Kf3 Nc5 64. Bc6 Nxb3 65. Ke3 Nc5 66.
Kd2 Kd4 67. Bb5 Ne4+ 68. Kc2 Kc5 69. Bd3 Nf6 70. Kb3 b5 71. Kb2 Ne8 72. Bh7 Nd6
73. Ka2 Kb4 74. Kb2 Nc4+ 75. Ka2 Kc3 76. Kb1 b4 77. Bf5 a4 78. Ka1 a3 79. Kb1
b3 80. Ka1 Ne3 81. Bg6 Nc2+ 82. Bxc2 bxc2 83. Ka2 c1=R 0-1

[Event "Stuttgarter Stadtmeisterschaft A-Turnie"]
[Site "Ditzingen"]
[Date "2009.05.21"]
[Round "3.62"]
[White "Paschmann, Stefan"]
[Black "Töws, Manuel"]
[Result "0-1"]
[WhiteElo "1961"]
[BlackElo "1863"]
[PlyCount "78"]
[EventDate "2009.??.??"]

1. d4 Nf6 2. Nf3 g6 3. Nc3 d5 4. Bf4 c6 5. e3 Nh5 6. Bg5 h6 7. Bh4 Qb6 8. a3
Bg7 9. b4 g5 10. Ne5 Nf6 11. Bg3 Nbd7 12. Be2 Ne4 13. Nxe4 dxe4 14. Nc4 Qd8 15.
h4 Nb6 16. hxg5 hxg5 17. Rxh8+ Bxh8 18. Ne5 Nd7 19. Nxf7 Kxf7 20. Bc4+ Kg6 21.
f4 Nf6 22. fxg5 Bg4 23. Qd2 Kxg5 24. Qf2 Qd7 25. Bf4+ Kg6 26. Qh4 Nd5 27. Qh6+
Kf7 28. Qh7+ Bg7 29. Be5 Rg8 30. Kd2 Be6 31. Rf1+ Nf6 32. Be2 Ke8 33. Bxf6 Bxf6
34. Bh5+ Kd8 35. Qxe4 Bd5 36. Qf4 Rxg2+ 37. Kc1 Qc7 38. Qh6 Qh2 39. Bd1 Qxh6
0-1

[Event "Stuttgarter Stadtmeisterschaft A-Turnie"]
[Site "Ditzingen"]
[Date "2009.05.21"]
[Round "3.63"]
[White "Meinecke, Klaus-Hinrich"]
[Black "Jehle, Anja"]
[Result "0-1"]
[WhiteElo "1853"]
[BlackElo "1950"]
[PlyCount "103"]
[EventDate "2009.??.??"]

1. e4 c5 2. Nf3 d6 3. d4 cxd4 4. Nxd4 Nf6 5. Nc3 a6 6. Bg5 e6 7. f4 Be7 8. Qe2
Nbd7 9. e5 dxe5 10. fxe5 Ng8 11. Bf4 Bb4 12. Qc4 Qa5 13. a3 Bxc3+ 14. Qxc3
Qxc3+ 15. bxc3 Ne7 16. Nf3 b6 17. Kf2 Bb7 18. Re1 Rc8 19. c4 Ng6 20. Bg3 Rc5
21. Bd3 Bxf3 22. Bxg6 hxg6 23. gxf3 Rh5 24. f4 Rf5 25. Re4 Nxe5 26. Rb1 Nxc4
27. Rb4 Nd6 28. Re2 b5 29. a4 Rc4 30. c3 Rxc3 31. axb5 Rxb5 32. Rd4 Nf5 33. Ra4
Rbb3 34. Rxa6 Rf3+ 35. Kg2 Nxg3 36. hxg3 Rxg3+ 37. Kf2 Rbf3+ 38. Ke1 Rg1+ 39.
Kd2 Ke7 40. Ra4 Rg4 41. Ree4 Rg2+ 42. Re2 Rxe2+ 43. Kxe2 Rb3 44. Ra7+ Kf6 45.
Kf2 Rb5 46. Ke3 g5 47. fxg5+ Rxg5 48. Rc7 Rg4 49. Kf3 Rh4 50. Rb7 g5 51. Rc7
Kg6 52. Re7 0-1

[Event "Stuttgarter Stadtmeisterschaft A-Turnie"]
[Site "Ditzingen"]
[Date "2009.05.21"]
[Round "3.64"]
[White "Pietzka, Martin"]
[Black "Osswald, Micahel"]
[Result "1-0"]
[WhiteElo "1846"]
[BlackElo "1972"]
[PlyCount "69"]
[EventDate "2009.??.??"]

1. e4 e5 2. Nf3 Nc6 3. d4 exd4 4. Nxd4 Nf6 5. Nxc6 bxc6 6. Bd3 d5 7. exd5 cxd5
8. O-O Be7 9. h3 O-O 10. Nd2 c5 11. c3 Qb6 12. Nf3 Re8 13. Rb1 a5 14. Be3 Bf8
15. b4 axb4 16. cxb4 Qc7 17. bxc5 Ba6 18. Bxa6 Rxa6 19. Qc2 Rea8 20. Rb2 Ra4
21. Rfb1 Rc4 22. Qf5 Bxc5 23. Rb7 Qd6 24. Bxc5 Rxc5 25. R7b6 Qc7 26. g4 Rc1+
27. Rxc1 Qxc1+ 28. Kg2 Qc7 29. Qb1 Ne4 30. Rb7 Qf4 31. Qb2 h6 32. Ne5 Rf8 33.
Ng6 Qxf2+ 34. Qxf2 Nxf2 35. Nxf8 1-0